000 05184nab a2200373 i 4500
003 BR-BrBNA
005 20250516154847.0
008 250516b2017 bl.qr|pooa||| 00| 0 por |
040 _aBR-BrBNA
_bpor
072 _aP01
100 _aOliveira, Guilherme de
100 _aAdorno, Elinsmar Vitória
100 _aCaiafa, Alessandra Nasser
100 _aFreire, Rafael Rodrigues
100 _a Lhano, Marcos Gonçalves
100 _aMoura, Alan Daniel Cerqueira
100 _aOliveira, Téo Veiga de
100 _aRocha, Sérgio Schwarz da
100 _aSantos, Rômulo Rafael dos
100 _aScherer, Carolina Saldanha
100 _aSilva, Maria Luíza Pereira
245 _aPlanejamento sistemático da conservação na Serra da Jiboia, extremo norte do Corredor Central da Mata Atlântica
500 _a Publicação online; 34 ref.; 5 illus.; Summaries (En, Pt)
520 _a Resumo: A Mata Atlântica possui elevada riqueza de espécies endêmicas e está ameaçada pelos efeitos de atividades antrópicas, restando 12,4% de remanescentes de vegetação natural. Os fragmentos desse bioma possuem papel crucial como refúgio para a conservação da biodiversidade. Um desses fragmentos é a Serra da Jiboia localizada no extremo norte do Corredor Central da Mata Atlântica possuindo características peculiares de uma região de transição entre dois biomas, Mata Atlântica e Caatinga. O objetivo desse trabalho foi estabelecer regiões prioritárias para a conservação na Serra da Jiboia, baseado no princípio da complementaridade, utilizando cinco categorias como alvos de conservação: i) mamíferos; ii) aves; iii) invertebrados terrestres; iv) invertebrados aquáticos; e v) plantas. Uma camada vetorial que resume o uso e a ocupação do solo por agricultura, pecuária e urbanização foi utilizada como restrição na indicação de áreas prioritárias. Para cada táxon foi estabelecido um modelo ecológico de nicho, BIOCLIM, para predizer a potencial distribuição espacial. O algoritmo Simulated Annealing foi utilizado para estabelecer redes mínimas de áreas prioritárias para conservação e padrões espaciais de insubstituibilidade na Serra da Jiboia. A potencial distribuição espacial de cada táxon foi utilizada como alvo de conservação, com o objetivo de ao menos uma unidade amostral para cada táxon, e o modelo de uso e ocupação do solo como restrição. Todas as categorias, em conjunto, indicaram que a região centro-sul da Serra da Jiboia é a mais importante para a conservação, evidenciando que essa região deve ser conservada em níveis mais altos de restrição de uso. Palavras-chave: Complementaridade, Modelos ecológicos de nicho, Priorização espacial
520 _a Abstract: Atlantic Forest has highlighted endemic species richness and is threatened by the effects of anthropic activities, remaining only 12,4% of natural vegetation remnants. The fragments of the biome have a crucial role, as a refuge, to the biodiversity conservation. One of these fragments is the Serra da Jiboia, placed at the northern of the Central Rain Forest Corridor and it has peculiars characteristics due to its location, being placed at a transition region between two biomes, Atlantic Forest and Caatinga. The aim of this study was to establish priority regions for conservation in the Serra da Jiboia, based on complementarity principle, using five categories as conservation goals: i) mammals; ii) birds; iii) terrestrial invertebrates; iv) aquatic invertebrates; and v) plants. A vector that summarize the activities of agriculture, cattle ranching, and urbanization was used as a constraint in the design of priorities areas. For each taxon an ecological niche model was established, BIOCLIM, to predict the potential spatial distribution. The Simulated Annealingalgorithm was used to establish minimum conservation networks and irreplaceability spatial patterns in the Serra da Jiboia. The potential spatial distribution was used as conservation goal and the land use andoccupation model as a constraint. All categories together indicated that center-south region of Serra the Jiboia is the most important to conservation, highlighting that this region should be conserved in highest levels of use restriction. Key words: Complementarity, Ecological niche models, Spatial prioritization.
650 _aFLORESTA TROPICAL
650 _aBIODIVERSIDADE
650 _aPROTEÇÃO AMBIENTAL
650 _aMATA ATLÂNTICA
773 0 _03583
_9350396
_dCruz das Almas-BA Universidade Federal da Bahia - Escola de Agronômia 1983
_o2025-3014
_tMagistra (Brazil)
_x0102-5333
_gv. 29(2) p. 225-234; (2017)
_wBR2025002900
856 _uhttps://periodicos.ufrb.edu.br/index.php/magistra/article/view/3908/2135
942 _cANA
999 _c331553
_d331553